| 000 | 00766nam a22001337a 4500 | ||
|---|---|---|---|
| 040 | _cRUA | ||
| 082 | _aAGR HEN 2012 B050 Or.1 | ||
| 100 | _aHENG, SOVANROTH | ||
| 245 | _aWeed control under early wet season condition on ir 66 rice varieties in royal university of agriculture, វិធានការគ្រប់គ្រងស្មៅចង្រៃលើពូជស្រុវអ៊ីអ៊ែរ ៦៦ក្នុងលក្ខខណ្ឌដើមរដូវវស្សា នៃសាកលវិទ្យាល័យភូមិន្ទកសិកម្ម | ||
| 260 |
_aPhnom Penh _bRUA _c2012 |
||
| 300 |
_aviii; 44p. _bill. _c29cm. |
||
| 856 | _uhttps://drive.google.com/file/d/1MdG7jebR40OiF6vK7EHwSOKGN3gBhJSI/view?usp=sharing | ||
| 942 | _cAGR | ||
| 999 |
_c1694 _d1694 |
||